Walt Disney's Road to reading : (Record no. 109981)
[ view plain ]
| 000 -LEADER | |
|---|---|
| fixed length control field | 00509nam a2200181 a 4500 |
| 001 - CONTROL NUMBER | |
| control field | 0133 |
| 005 - DATE AND TIME OF LATEST TRANSACTION | |
| control field | 20140414131847.0 |
| 008 - FIXED-LENGTH DATA ELEMENTS--GENERAL INFORMATION | |
| fixed length control field | 040117s19uu xx 00 eng d |
| 020 ## - INTERNATIONAL STANDARD BOOK NUMBER | |
| International Standard Book Number | 0-553-05598-4 |
| 050 ## - LIBRARY OF CONGRESS CALL NUMBER | |
| Classification number | M 372.4 |
| Item number | W17 v.19 |
| 245 ## - TITLE STATEMENT | |
| Title | Walt Disney's Road to reading : |
| Remainder of title | a parent's guide to reading. |
| 260 ## - PUBLICATION, DISTRIBUTION, ETC. (IMPRINT) | |
| Place of publication, distribution, etc | Toronto : |
| Name of publisher, distributor, etc | Bantam Books, |
| Date of publication, distribution, etc | 1986. |
| 300 ## - PHYSICAL DESCRIPTION | |
| Extent | 1 v. p. : ill. ; cm. |
| 440 ## - SERIES STATEMENT/ADDED ENTRY--TITLE | |
| Title | Fun to read library |
| 650 ## - SUBJECT ADDED ENTRY--TOPICAL TERM | |
| Topical term or geographic name as entry element | Reading |
| General subdivision | Fiction. |
| 650 ## - SUBJECT ADDED ENTRY--TOPICAL TERM | |
| Topical term or geographic name as entry element | Children stories. |
| Withdrawn status | Lost status | Damaged status | Use restrictions | Home library | Current library | Shelving location | Date acquired | Source of acquisition | Total Checkouts | Full call number | Barcode | Date last seen | Price effective from | Koha item type |
|---|---|---|---|---|---|---|---|---|---|---|---|---|---|---|
| Munich Library | Munich Library | Main Section | 08/03/2004 | M 372.4 W17 v.19 | M0187 | 04/14/2014 | 04/14/2014 | Books |